000 01096nam a2200289Ia 4500
003 OSt
005 20221005110609.0
006 a|||||r|||| 00| 0
007 ta
008 221004b |||||||| |||| 00| 0 hin d
020 _a9789326354554 (hbk)
_cINR 200.00
024 _a37800
037 _b68, 13/03/2018, P. K. Books
_cTextual
040 _aCRL
_cCRL
_bhin
041 _2hin
_ahin
082 _aO152,1NMAx, Q6
100 _aमंडलाई, लीलाधर, संपा.
245 0 _aपास पड़ोस
246 _aPās paड़osa
260 _aनई दिल्ली
_bभारतीय ज्ञानपीठ भारत
_c2016
300 _a160पृ0
_ccm.
490 _aज्ञान गरिमा पुस्तक माला; ग्रन्थांक 002
650 _a हिन्दी साहित्य
650 _aहिन्दी कविता
942 _hO152,1NMAx, Q6
_cTEXL
_2cc
999 _c1019312
_d1019312